V encuentro de centros culturales católicos del Cono Sur
I tiakina i:
| Kaituhi matua: | |
|---|---|
| Hōputu: | Pukapuka |
| Reo: | Pāniora |
| I whakaputaina: |
Buenos Aires
Fundación Aletheia
2013
|
| Putanga: | 1a. ed |
| Ngā marau: | |
| Ngā Tūtohu: |
Tāpirihia he Tūtohu
Kāore He Tūtohu, Me noho koe te mea tuatahi ki te tūtohu i tēnei pūkete!
|
MARC
| LEADER | 00000cam a2200000 a 4500 | ||
|---|---|---|---|
| 001 | UCF9690 | ||
| 003 | CL-VaPUC | ||
| 005 | 20210302201826.0 | ||
| 008 | 131206e20130000ag 1 spa d | ||
| 020 | |a 9789872308810 | ||
| 082 | 0 | 4 | |a 306.6 |b PAS |2 21 |
| 100 | 1 | |a Passaniti, Daniel |e author |9 622015 | |
| 245 | 1 | 0 | |a V encuentro de centros culturales católicos del Cono Sur |
| 250 | |a 1a. ed | ||
| 260 | |a Buenos Aires |b Fundación Aletheia |c 2013 | ||
| 300 | |a 224 p | ||
| 583 | |a last modification |c 20131206 11:14:00 |k Rodrigo Vera | ||
| 650 | 0 | 0 | |a Sociología de la religión |9 337481 |
| 942 | |c BK | ||
| 945 | |a dcastane |d 20131206 11:14:00 | ||
| 546 | |a En Español | ||
| 536 | |a CIES Fundación Aletheia | ||
| 518 | |p Encuentro de Centros Culturales Católicos del Cono Sur, 5, Ciudad Autónoma de Buenos Aires, 18 al 21 de septiembre de 2012 | ||
| 999 | |c 384745 |d 384743 | ||
| 952 | |0 0 |1 0 |3 erb |4 0 |6 306_600000000000000_PAS_2013 |7 0 |8 A |9 507677 |a BIBTEO |b BIBTEO |i 5028752 |o 306.6 PAS 2013 |p 5028752 |r 2025-01-17 |w 2020-01-23 |y BK |z Catalogado en:20131206 |k ICR | ||